Les comitadjis ou Le terrorisme dans les Balkans / (Record no. 93160)

MARC details
000 -LEADER
campo de control de longitud fija 00566nam a2200193 i 4500
001 - NÚMERO DE CONTROL
campo de control 93160
003 - IDENTIFICADOR DE NÚMERO DE CONTROL
campo de control ES-MaACL
005 - FECHA Y HORA DE LA ÚLTIMA TRANSACCIÓN
campo de control 20230906181133.0
007 - CAMPO FIJO DE DESCRIPCIÓN FÍSICA--INFORMACIÓN GENERAL
campo de control de longitud fija t|
008 - DATOS DE LONGITUD FIJA--INFORMACIÓN GENERAL
campo de control de longitud fija 050408s1932 fr |||| | fre d
080 ## - NÚMERO DE LA CLASIFICACIÓN DECIMAL UNIVERSAL
Número de la Clasificación Decimal Universal 94(497)
100 1# - ENTRADA PRINCIPAL--NOMBRE DE PERSONA
Nombre de persona Londres, Albert.
9 (RLIN) 73224
245 14 - MENCIÓN DEL TÍTULO
Título Les comitadjis ou Le terrorisme dans les Balkans /
Mención de responsabilidad, etc. Albert Londres.
246 30 - FORMA VARIANTE DEL TITULO
Título propio/Titulo breve Le terrorisme dans les Balkans
260 ## - PUBLICACIÓN, DISTRIBUCIÓN, ETC.
Lugar de publicación, distribución, etc. Paris :
Nombre del editor, distribuidor, etc. [s.n.],
Fecha de publicación, distribución, etc. [1932] (
Fabricante E. Rambot)
300 ## - DESCRIPCIÓN FÍSICA
Extensión 250 p. ;
Dimensiones 19 cm.
651 #4 - PUNTO DE ACCESO ADICIONAL DE MATERIA--NOMBRE GEOGRÁFICO
Nombre geográfico Países balcánicos-
Subdivisión general Historia.
9 (RLIN) 9168
852 ## - LOCALIZACIÓN
Ubicación ES-MaACL
Número de control de estantería F-13854
Holdings
Estatus retirado Estado de pérdida Estado de daño No para préstamo Biblioteca de origen Biblioteca actual Ubicación en estantería Fecha de adquisición Fuente de adquisición Total de préstamos Signatura topográfica completa Código de barras Visto por última vez Precio de reemplazo Tipo de ítem Koha
        Biblioteca del Ateneo de Madrid Biblioteca del Ateneo de Madrid Sala Pecera Planta 2 17/01/2008     F-13854 1097245 23/02/2023 23/02/2023 Libro impreso